[Event "IECC O-3408"]
[Site "IECC email"]
[Date "2012.01.28"]
[Round "?"]
[White "Banon, Enrique"]
[Black "Van Herk, Victor"]
[Result "1-0"]
[WhiteElo "1041"]
[BlackElo "1061"]
[PlyCount "35"]
[EventDate "2012.??.??"]
[EventType "swiss (corr)"]
[EventRounds "2"]
[SourceTitle "Corr 2020"]
[Source "ChessBase"]
[SourceDate "2019.09.30"]
[SourceVersion "1"]
[SourceVersionDate "2019.09.30"]
[SourceQuality "1"]
[WhiteTeam "Spain"]
[BlackTeam "Canada"]
[WhiteTeamCountry "ESP"]
[BlackTeamCountry "CAN"]

1. e4 c5 2. Nf3 d6 3. d4 cxd4 4. Nxd4 Nf6 5. Nc3 e6 6. g4 Qa5 7. Nb3 Qd8 8. g5 Nfd7 9. Be3 a6 10. Qd2 b5 11. 0-0-0 Bb7 12. Bd3 Nc6 13. f4 b4 14. Na4 a5 15. h4 h5 16. g6 f6 17. Bc4 e5 18. Bf7+ 1-0

[Event "IECC O-3133"]
[Site "IECC email"]
[Date "2010.04.26"]
[Round "?"]
[White "Bentley, Gareth"]
[Black "Van Herk, Victor"]
[Result "1/2-1/2"]
[WhiteElo "913"]
[BlackElo "1023"]
[PlyCount "65"]
[EventDate "2010.??.??"]
[EventType "swiss (corr)"]
[EventRounds "2"]
[SourceTitle "Telechess CBM 149"]
[Source "ChessBase"]
[SourceDate "2012.07.17"]
[SourceVersion "1"]
[SourceVersionDate "2012.07.17"]
[SourceQuality "1"]
[WhiteTeam "England"]
[BlackTeam "Canada"]
[WhiteTeamCountry "ENG"]
[BlackTeamCountry "CAN"]

1. e4 e5 2. Nf3 Nc6 3. Nc3 Nf6 4. Bb5 Nd4 5. Nxe5 Nxb5 6. Nxb5 Nxe4 7. 0-0 d6 8. Nc4 Bd7 9. Nd4 Be7 10. d3 Nc5 11. Re1 0-0 12. Bf4 Bf6 13. c3 Bxd4 14. cxd4 Ne6 15. Be3 Qh4 16. g3 Qh3 17. d5 Nc5 18. b4 Bg4 19. f3 Bxf3 20. Qxf3 Nxd3 21. Red1 Nxb4 22. Rab1 b5 23. Nd2 Nxa2 24. Rxb5 Nc3 25. Rdb1 Nxb5 26. Rxb5 f5 27. Bg5 Rae8 28. Be3 f4 29. Bxf4 g5 30. Rb4 g4 31. Qf2 Re5 32. Nc4 Rxd5 33. Ne3 1/2-1/2

[Event "IECC M1-2009.T95"]
[Site "IECC email"]
[Date "2009.09.15"]
[Round "?"]
[White "Van Herk, Victor"]
[Black "Simmons, Ernest"]
[Result "1-0"]
[WhiteElo "1018"]
[BlackElo "1095"]
[PlyCount "47"]
[EventDate "2009.??.??"]
[EventType "match (corr)"]
[EventRounds "2"]
[SourceTitle "Telechess CBM 137"]
[Source "ChessBase"]
[SourceDate "2010.07.15"]
[SourceVersion "1"]
[SourceVersionDate "2010.07.15"]
[SourceQuality "1"]
[WhiteTeam "Canada"]
[BlackTeam "US of America"]
[WhiteTeamCountry "CAN"]
[BlackTeamCountry "USA"]

1. e4 c5 2. Nf3 d6 3. d4 cxd4 4. Nxd4 Nf6 5. Nc3 g6 6. Be3 a6 7. Bc4 Bg7 8. f3 0-0 9. Qd2 Qc7 10. Nd5 Qxc4 11. Nb6 Qc7 12. Nxa8 Qd8 13. 0-0-0 Nbd7 14. Qc3 Nc5 15. Nb3 Nfxe4 16. Qb4 Nxb3+ 17. Qxb3 Nf6 18. Rhe1 b5 19. Bb6 Qd7 20. Nc7 Qc6 21. Ba5 e6 22. Qb4 Bh6+ 23. Kb1 Bf4 24. Qxf4 1-0

[Event "IECC CL8-2009.02 email"]
[Site "IECC email"]
[Date "2009.05.16"]
[Round "?"]
[White "Baznik Wilson, Anthony J"]
[Black "Van Herk, Victor"]
[Result "0-1"]
[WhiteElo "781"]
[BlackElo "979"]
[PlyCount "56"]
[EventDate "2009.??.??"]
[EventType "tourn (corr)"]
[EventRounds "4"]
[SourceTitle "Corr 2011"]
[Source "ChessBase"]
[SourceDate "2010.08.31"]
[SourceVersion "1"]
[SourceVersionDate "2010.08.31"]
[SourceQuality "1"]
[WhiteTeam "US of America"]
[BlackTeam "Canada"]
[WhiteTeamCountry "USA"]
[BlackTeamCountry "CAN"]

1. d4 Nf6 2. Nf3 e6 3. Bg5 d5 4. Nc3 Be7 5. e3 0-0 6. Bd3 c5 7. 0-0 Nc6 8. Ne5 c4 9. Bxc4 dxc4 10. Bxf6 Bxf6 11. Ng6 fxg6 12. Qe2 Nxd4 13. exd4 Bxd4 14. Rad1 a6 15. Qxc4 Bxf2+ 16. Rxf2 Qb6 17. Rd4 Bd7 18. b3 Rac8 19. Rxf8+ Kxf8 20. Qb4+ Qxb4 21. Rxb4 Rxc3 22. Rf4+ Kg8 23. h3 Rxc2 24. a4 Bc6 25. Rd4 Rxg2+ 26. Kf1 Rg3 27. Rd8+ Kf7 28. Kf2 Rxh3 0-1